LEADER 01336nam2-2200385---450- 001 990003140280203316 005 20080926164217.0 010 $a978-3-540-69498-4 035 $a000314028 035 $aUSA01000314028 035 $a(ALEPH)000314028USA01 035 $a000314028 100 $a20080904d2008----km-y0itay50------ba 101 $aeng 102 $aDE 105 $ay---||||001yy 200 1 $aArithmetic of finite fields$e2nd international workshop, WAIFI 2008$eSiena, Italy, July 6-9, 2008$eproceedings$fJoachim von zur Gathen...[et al.] (Eds.) 210 $aBerlin [etc.]$cSpringer$dcopyr. 2008 215 $aX, 204 p.$d24 cm 225 2 $aLecture notes in computer science$v5130 410 0$12001$aLecture notes in computer science 461 1$1001000314960$12001$aLecture notes in computer science 606 0 $aCampi algebrici$xCongressi$ySiena$z2008 676 $a512.3 702 1$aVON ZUR GATHEN,$bJoachim 710 12$aInternational workshop, WAIFI 2008$d<2.;$f2008$fSiena>$0601990 801 0$aITA$bsalbc$gISBD 912 $a990003140280203316 951 $a001 LNCS 5130$b37242/CBS$c001$d00217573 959 $aBK 969 $aSCI 979 $aANGELA$b90$c20080904$lUSA01$h1305 979 $aANGELA$b90$c20080926$lUSA01$h1642 996 $aArithmetic of finite fields$91016514 997 $aUNISA LEADER 01444oas 2200505 a 450 001 9910698358703321 005 20251105213014.0 011 $a1945-094X 035 $a(OCoLC)184845126 035 $a(CONSER) 2007230534 035 $a(CKB)1000000000433874 035 $a(EXLCZ)991000000000433874 100 $a20071218a20019999 ua a 101 0 $aeng 135 $aur||||||||||| 181 $ctxt$2rdacontent 182 $cc$2rdamedia 183 $acr$2rdacarrier 200 10$aAnnual report ... rural development, Utah 210 $aSalt Lake City, UT $cUSDA Rural Development, State Office 215 $avolumes $cdigital, PDF file 517 1 $aUtah Rural Development annual report 606 $aRural development projects$zUtah$vPeriodicals 606 $aRural development projects$2fast$3(OCoLC)fst01101562 607 $aUtah$2fast$1https://id.oclc.org/worldcat/entity/E39PBJm98v6hGkHHKKcx4QvCQq 608 $aPeriodicals.$2fast 615 0$aRural development projects 615 7$aRural development projects. 676 $a307 801 0$bGPO 801 1$bGPO 801 2$bGPO 801 2$bDLC 801 2$bOCLCQ 801 2$bOCLCF 801 2$bOCLCO 801 2$bOCLCQ 801 2$bOCLCA 801 2$bOCLCQ 801 2$bOCLCL 801 2$bOCLCQ 906 $aJOURNAL 912 $a9910698358703321 996 $aAnnual report ... rural development, Utah$93155008 997 $aUNINA